| Tag |
First Indicator |
Second Indicator |
Subfields |
| LEADER |
00000cam a2200000 i 4500 |
| 001 |
in00003780521 |
| 005 |
20170927140353.0 |
| 008 |
160216t20162016ctuabf b 001 0 eng |
| 010 |
|
|
|a 2016003731
|
| 020 |
|
|
|a 9780300179033
|q hardcover :
|q alkaline paper
|
| 020 |
|
|
|a 0300179030
|q hardcover :
|q alkaline paper
|
| 035 |
|
|
|a (OCoLC)ocn930798088
|
| 040 |
|
|
|a DLC
|e rda
|c DLC
|d UtOrBLW
|
| 043 |
|
|
|a e-gx---
|
| 049 |
|
|
|a TXAM
|
| 050 |
0 |
0 |
|a D757.1
|b .S54 2016
|
| 082 |
0 |
0 |
|a 940.54/1343
|2 23
|
| 100 |
1 |
|
|a Shepherd, Ben
|q (Ben H.),
|e author.
|0 http://id.loc.gov/authorities/names/n2004038952
|
| 245 |
1 |
0 |
|a Hitler's soldiers :
|b the German army in the Third Reich /
|c Ben H. Shepherd.
|
| 264 |
|
1 |
|a New Haven, Connecticut :
|b Yale University Press,
|c [2016]
|
| 264 |
|
4 |
|c ©2016
|
| 300 |
|
|
|a xxiii, 639 pages, 16 unnumbered pages of plates :
|b illustrations ;
|c 24 cm.
|
| 336 |
|
|
|a text
|b txt
|2 rdacontent
|
| 337 |
|
|
|a unmediated
|b n
|2 rdamedia
|
| 338 |
|
|
|a volume
|b nc
|2 rdacarrier
|
| 504 |
|
|
|a Includes bibliographical references and index.
|
| 505 |
0 |
|
|a The Army in the New Reich, 1933-36 -- Road to War, 1936-39 -- Poland, 1939-40 -- "Sitzkrieg," 1939-40 -- The Greatest Victory, 1940 -- Occupying the West, 1940-41 -- Planning Operation Barbarossa, 1940-41 -- Barbarossa Unleashed, 1941 -- Barbarossa Undone, 1941 -- Resistance and Reaction, 1941 : Western Europe and the Balkans -- Winter Crisis, 1941-42 -- The Desert War, 1941-42 -- Southern Russia and Stalingrad, 1942-43 -- Faces of Occupation, 1942-43 : The Soviet Union -- Faces of Occupation, 1942-43 : Western Europe and the Balkans -- The Initiative Lost, 1943 -- Takeover in Southern Europe, 1943-44 -- The Eastern Front, 1943-44 : The Ostheer Retreats -- The Eastern Front, 1943-44 : The Frontsoldat Endures -- Italy, 1943-44 -- Fortress Europe Breached, 1943-44 -- The Greatest Defeat, 1944 -- The Army "Recovers," 1944-45 -- The Army Self-Destructs, 1945.
|
| 520 |
|
|
|a For decades after 1945, it was generally believed that the German army, professional and morally decent, had largely stood apart from the SS, Gestapo and other corps of the Nazi machine. Ben Shepherd draws on a wealth of primary sources and recent scholarship to convey a much darker, more complex picture. For the first time, the German army is examined throughout the Second World War, across all combat theaters and occupied regions, and from multiple perspectives, its battle performance, social composition, relationship with the Nazi state and involvement in war crimes and military occupation. This was a true people's army, drawn from across German society and reflecting that society as it existed under the Nazis. Without the army and its conquests abroad, Shepherd explains, the Nazi regime could not have perpetrated its crimes against Jews, prisoners of war and civilians in occupied countries. The author examines how the army was complicit in these crimes and why some soldiers, units and higher commands were more complicit than others. Shepherd also reveals the reasons for the army's early battlefield successes and its mounting defeats up to 1945, the latter due not only to Allied superiority and Hitler's mismanagement as commander-in-chief, but also to the failings, moral, political, economic, strategic and operational, of the army's own leadership.
|
| 610 |
1 |
0 |
|a Germany.
|b Heer
|x History
|y World War, 1939-1945.
|
| 610 |
1 |
0 |
|a Germany.
|b Heer
|x Military life
|x History
|y 20th century.
|
| 650 |
|
0 |
|a Soldiers
|z Germany
|x History
|y 20th century.
|
| 650 |
|
0 |
|a World War, 1939-1945
|z Germany.
|0 http://id.loc.gov/authorities/subjects/sh2008113355
|
| 650 |
|
0 |
|a Command of troops
|x History
|y 20th century.
|
| 650 |
|
0 |
|a World War, 1939-1945
|x Campaigns.
|0 http://id.loc.gov/authorities/subjects/sh85148299
|
| 650 |
|
0 |
|a World War, 1939-1945
|x Occupied territories.
|0 http://id.loc.gov/authorities/subjects/sh85148456
|
| 650 |
|
0 |
|a World War, 1939-1945
|x Atrocities.
|0 http://id.loc.gov/authorities/subjects/sh85148285
|
| 650 |
|
0 |
|a War crimes
|z Germany
|x History
|y 20th century.
|
| 650 |
|
7 |
|a HISTORY
|x Military
|x World War II.
|2 bisacsh
|
| 650 |
|
7 |
|a HISTORY
|z Europe
|x Germany.
|2 bisacsh
|
| 650 |
|
7 |
|a HISTORY
|x Military
|x Strategy.
|2 bisacsh
|
| 945 |
|
|
|b 678162
|
| 947 |
|
|
|a A14843434763
|
| 948 |
|
|
|a cataloged
|b h
|c 2016/6/29
|d c
|e dmitchel
|f 2:00:00 pm
|
| 994 |
|
|
|a 92
|b TXA
|
| 999 |
f |
f |
|s 1bd340ab-b371-3290-aa69-3fdbb0ecebe2
|i c56c1044-485e-3a4f-9304-b7dad5efa564
|t 0
|
| 952 |
f |
f |
|p normal
|a Texas A&M University
|b College Station
|c Sterling C. Evans Library
|d Evans: Library Stacks
|t 0
|e D757.1 .S54 2016
|h Library of Congress classification
|i unmediated -- volume
|m A14843434763
|
| 998 |
f |
f |
|a D757.1 .S54 2016
|t 0
|l Evans: Library Stacks
|